[Event "BL 8384 12pl Braunschweig-Sindelfingen"]
[Site "?"]
[Date "1984.??.??"]
[Round "?.1"]
[White "Fahnenschmidt, G."]
[Black "Eng, H."]
[Result "1/2-1/2"]
[WhiteElo "2325"]
[BlackElo "2280"]
[PlyCount "45"]
[EventDate "1984.??.??"]

1. d4 d5 2. c4 e6 3. Nc3 Be7 4. Nf3 Nf6 5. Bg5 h6 6. Bxf6 Bxf6 7. e3 O-O 8. Rc1
Nc6 9. cxd5 exd5 10. Bd3 Be6 11. O-O Be7 12. a3 a6 13. h3 Bd6 14. Re1 Qd7 15.
Bb1 Rad8 16. Na4 Ne7 17. Nc5 Qc8 18. Nxe6 Qxe6 19. e4 dxe4 20. Bxe4 Qf6 21. Qb3
Nf5 22. Qd3 Nxd4 23. Nxd4 1/2-1/2

[Event "BL 8384 12pl Braunschweig-Sindelfingen"]
[Site "?"]
[Date "1984.??.??"]
[Round "?.2"]
[White "Schruefer, G."]
[Black "Ullrich, F."]
[Result "1-0"]
[WhiteElo "2205"]
[BlackElo "2275"]
[PlyCount "67"]
[EventDate "1984.??.??"]

1. e4 c6 2. d4 d5 3. exd5 cxd5 4. Bd3 Nc6 5. c3 Nf6 6. Bf4 g6 7. Nf3 Bg7 8. O-O
O-O 9. Re1 Bd7 10. Nbd2 Rc8 11. h3 a6 12. Nb3 Ra8 13. Ne5 Nxe5 14. dxe5 Ne8 15.
Qd2 Qb6 16. Be3 Qc7 17. Bf4 Qb6 18. Nd4 Rc8 19. Re2 e6 20. Bh6 Qc5 21. Rae1 b5
22. Nf3 a5 23. a3 Nc7 24. h4 Rfe8 25. Bxg7 Kxg7 26. h5 Red8 27. Qf4 Qe7 28. Re3
Rf8 29. Qg4 f5 30. exf6+ Qxf6 31. hxg6 hxg6 32. Re5 Rh8 33. Bxg6 Rcg8 34. Bh7+
1-0

[Event "BL 8485 Erlangen-Bamberg"]
[Site "?"]
[Date "1984.??.??"]
[Round "?.1"]
[White "Seppeur, R."]
[Black "Heidrich, M."]
[Result "0-1"]
[WhiteElo "2310"]
[BlackElo "2260"]
[PlyCount "104"]
[EventDate "1984.??.??"]

1. e4 e6 2. d4 d5 3. Nd2 Nf6 4. e5 Nfd7 5. Bd3 c5 6. c3 Nc6 7. Ne2 f6 8. exf6
Nxf6 9. Nf3 Bd6 10. O-O O-O 11. Bg5 Qc7 12. dxc5 Bxc5 13. Bc2 h6 14. Bh4 Bd6
15. Qd3 g5 16. Bg3 e5 17. Bb3 Be6 18. Ned4 e4 19. Nxe6 Qe7 20. Qd2 Qxe6 21. Nd4
Qd7 22. Bxd6 Qxd6 23. Nf5 Qe5 24. Ne3 Rad8 25. Rad1 Na5 26. Qd4 Qxd4 27. Rxd4
Nxb3 28. axb3 Rd7 29. Rfd1 Rfd8 30. b4 a6 31. Kf1 Kf7 32. Ke2 Ke6 33. Ra1 Ng8
34. Ra5 Ne7 35. c4 Nc6 36. cxd5+ Kf7 37. Rxe4 Nxa5 38. bxa5 Rc8 39. Re6 Rxd5
40. Rxh6 Rb5 41. h4 gxh4 42. Rxh4 Rxb2+ 43. Kf3 Rc5 44. Ra4 b5 45. axb6 Rxb6
46. g4 a5 47. Rf4+ Kg8 48. Re4 Ra6 49. Ra4 Rb5 50. Kg3 Rb4 51. Ra3 a4 52. Ra2
a3 0-1

[Event "BL 8485 Erlangen-Bamberg"]
[Site "?"]
[Date "1984.??.??"]
[Round "?.2"]
[White "Feustel, B."]
[Black "Bartsch, B."]
[Result "1/2-1/2"]
[WhiteElo "2335"]
[BlackElo "2265"]
[PlyCount "147"]
[EventDate "1984.??.??"]

1. Nf3 b5 2. a4 b4 3. g3 Bb7 4. Bg2 Nf6 5. O-O e6 6. d4 d5 7. Ne5 Nbd7 8. Nxd7
Qxd7 9. Nd2 c5 10. dxc5 Bxc5 11. Nb3 Be7 12. Be3 O-O 13. Nc5 Qc7 14. Nxb7 Qxb7
15. Qd3 Rfc8 16. Bd4 Qc7 17. Rfc1 e5 18. Be3 Qd7 19. Rd1 h6 20. a5 Bc5 21. Bxc5
Rxc5 22. Rd2 Rac8 23. Qb3 Qf5 24. Qxb4 Rxc2 25. Rxc2 Qxc2 26. Bh3 Re8 27. Qb5
Qc7 28. Qd3 Rb8 29. Qd2 Qb7 30. Rb1 Qb4 31. Qxb4 Rxb4 32. Bc8 Kf8 33. f3 Ke7
34. a6 Kd6 35. Kf2 Nd7 36. Ke1 Nc5 37. Kd2 Rb8 38. Bf5 Rb6 39. b4 Nxa6 40. Ra1
g6 41. Bd3 Nxb4 42. Rxa7 Nxd3 43. Kxd3 Ke6 44. g4 d4 45. h4 Rc6 46. Ra8 Kf6 47.
Ke4 Rc2 48. Ra6+ Kg7 49. Kxe5 Rxe2+ 50. Kxd4 Rh2 51. h5 gxh5 52. gxh5 Rxh5 53.
Ke3 Rh2 54. Kf4 Rg2 55. Ra5 Kg6 56. Ra6+ Kg7 57. Ra5 Rg6 58. Rb5 Ra6 59. Kg4
Kg6 60. Rb8 Ra4+ 61. Kg3 h5 62. Rg8+ Kf5 63. Rg7 f6 64. Rb7 h4+ 65. Kh3 Kf4 66.
Rb3 Ra2 67. Rb6 f5 68. Rb4+ Kxf3 69. Kxh4 f4 70. Rb3+ Kg2 71. Kg4 Rf2 72. Rh3
Rf1 73. Rh8 f3 74. Rh3 1/2-1/2

[Event "BL 8485 Erlangen-Bamberg"]
[Site "?"]
[Date "1984.??.??"]
[Round "?.4"]
[White "Roeder, F."]
[Black "Treppner, G."]
[Result "1/2-1/2"]
[WhiteElo "2250"]
[BlackElo "2300"]
[PlyCount "30"]
[EventDate "1984.??.??"]

1. e4 g6 2. d4 Bg7 3. Nc3 d6 4. Be3 Nf6 5. Nf3 c6 6. h3 O-O 7. Be2 Qc7 8. O-O
e5 9. Qd2 Nbd7 10. Rad1 Re8 11. dxe5 dxe5 12. a3 Bf8 13. Bc4 Nb6 14. Bb3 Be6
15. Ng5 Bxb3 1/2-1/2

[Event "BL 8485 Erlangen-Bamberg"]
[Site "?"]
[Date "1984.??.??"]
[Round "?.5"]
[White "Ruehrig, V."]
[Black "Tischer, G."]
[Result "1-0"]
[WhiteElo "2375"]
[BlackElo "2335"]
[PlyCount "85"]
[EventDate "1984.??.??"]

1. d4 Nf6 2. c4 g6 3. Nc3 Bg7 4. e4 d6 5. Nf3 O-O 6. h3 e5 7. dxe5 dxe5 8. Qxd8
Rxd8 9. Bg5 Re8 10. Nd5 Nxd5 11. cxd5 c6 12. Bc4 cxd5 13. Bxd5 Nc6 14. O-O-O
Nb4 15. Bb3 a5 16. a3 a4 17. Bc4 Nc6 18. Be3 h6 19. Rd6 Be6 20. Bxe6 fxe6 21.
Rhd1 Rac8 22. Kb1 Re7 23. Bb6 Rf8 24. Bc5 Ree8 25. Rd7 Rf4 26. Rxb7 Rxe4 27.
Rdd7 Bf6 28. Be3 Na5 29. Nd2 Rxe3 30. fxe3 Nxb7 31. Rxb7 Rd8 32. Kc2 Bg5 33.
Nc4 e4 34. Rb4 Rf8 35. Rxa4 Rf2+ 36. Kc3 Bf6+ 37. Kb3 Rxg2 38. Rb4 Rh2 39. a4
Rxh3 40. a5 Bd4 41. Ka4 Bc5 42. Rb7 Bxe3 43. Rb3 1-0

[Event "BL 8485 Solingen-Bochum"]
[Site "?"]
[Date "1984.??.??"]
[Round "?.1"]
[White "Heinbuch, D."]
[Black "Spassky, B."]
[Result "1/2-1/2"]
[WhiteElo "2255"]
[BlackElo "2590"]
[PlyCount "41"]
[EventDate "1984.??.??"]

1. c4 e6 2. Nc3 d5 3. d4 Nf6 4. Nf3 Be7 5. Bg5 h6 6. Bxf6 Bxf6 7. cxd5 exd5 8.
e3 O-O 9. Bd3 Re8 10. O-O c6 11. Qc2 Nd7 12. b4 a5 13. b5 Nb6 14. Na4 Nxa4 15.
Qxa4 Qd6 16. bxc6 bxc6 17. Rfc1 Bd7 18. Rab1 Reb8 19. Rxb8+ Qxb8 20. Rb1 Qc7
21. Qb3 1/2-1/2

[Event "BL 8485 Solingen-Bochum"]
[Site "?"]
[Date "1984.??.??"]
[Round "?.2"]
[White "Lobron, E."]
[Black "Sehner, N."]
[Result "1-0"]
[WhiteElo "2495"]
[BlackElo "2315"]
[PlyCount "100"]
[EventDate "1984.??.??"]

1. Nf3 d5 2. c4 e6 3. g3 Nf6 4. Bg2 Be7 5. O-O O-O 6. d4 c6 7. Qc2 Nbd7 8. Rd1
b6 9. b3 Bb7 10. Nc3 Rc8 11. e4 dxe4 12. Nxe4 c5 13. Nxf6+ Bxf6 14. Ng5 Bxg5
15. Bxb7 Rc7 16. dxc5 Bf6 17. Bb2 Rxb7 18. Bxf6 Qxf6 19. c6 Rc7 20. cxd7 Rd8
21. Kg2 g6 22. b4 Qe7 23. Qc3 Rcxd7 24. Rxd7 Qxd7 25. Rc1 Qc6+ 26. Qf3 Rc8 27.
Qxc6 Rxc6 28. Kf3 Kf8 29. Ke4 Ke7 30. f4 f6 31. Rc3 h5 32. h3 Kd6 33. Rd3+ Kc7
34. Rd4 Rd6 35. Rxd6 Kxd6 36. Kd4 a5 37. a3 Kc6 38. g4 hxg4 39. hxg4 Kd6 40. g5
fxg5 41. fxg5 a4 42. Ke4 e5 43. Kf3 Kd7 44. Ke2 Ke6 45. Kd3 Kd7 46. Kc3 Kd6 47.
Kc2 Kd7 48. Kd1 e4 49. Kd2 Kd6 50. Ke3 Ke5 1-0

[Event "BL 8485 Solingen-Bochum"]
[Site "?"]
[Date "1984.??.??"]
[Round "?.3"]
[White "Budde, V."]
[Black "Lau, R."]
[Result "1/2-1/2"]
[WhiteElo "2360"]
[BlackElo "2400"]
[PlyCount "35"]
[EventDate "1984.??.??"]

1. d4 Nf6 2. Nf3 g6 3. Bg5 Bg7 4. Nbd2 c5 5. e3 d6 6. c3 Nbd7 7. Bd3 O-O 8. O-O
b6 9. e4 e5 10. Nc4 Qc7 11. Bxf6 Nxf6 12. Nxd6 exd4 13. e5 Ng4 14. cxd4 cxd4
15. Be4 Rb8 16. Qxd4 Qc5 17. Qxc5 bxc5 18. Nxc8 1/2-1/2

[Event "BL 8485 Solingen-Bochum"]
[Site "?"]
[Date "1984.??.??"]
[Round "?.4"]
[White "Borik, O."]
[Black "Backwinkel, P."]
[Result "1-0"]
[WhiteElo "2370"]
[BlackElo "2330"]
[PlyCount "91"]
[EventDate "1984.??.??"]

1. d4 e6 2. c4 Bb4+ 3. Nc3 f5 4. Qb3 a5 5. a3 a4 6. Qc2 Bxc3+ 7. bxc3 Nf6 8. f3
O-O 9. e3 Nc6 10. Bd3 d6 11. Ne2 Bd7 12. O-O Na5 13. Bb2 Nh5 14. Rae1 e5 15. c5
dxc5 16. c4 exd4 17. exd4 Nb3 18. d5 Qh4 19. Be5 Ra6 20. g3 Qd8 21. Nc3 Rh6 22.
Nb5 Bxb5 23. cxb5 Kh8 24. Bc4 Nd4 25. Qxa4 f4 26. g4 Ng3 27. hxg3 fxg3 28. Bxg3
Nxf3+ 29. Kg2 Nxe1+ 30. Rxe1 Qg5 31. Qd1 Rhf6 32. Re5 Qg6 33. Bd3 Qf7 34. Qe2
Rf3 35. Bf5 Rxa3 36. Qe4 Qf6 37. Re8 Ra2+ 38. Bf2 Rxf2+ 39. Kxf2 g6 40. Rxf8+
Qxf8 41. Qe5+ Kg8 42. b6 cxb6 43. d6 gxf5 44. d7 fxg4+ 45. Kg1 Kf7 46. Qf5+ 1-0

[Event "BL 8485 Solingen-Bochum"]
[Site "?"]
[Date "1984.??.??"]
[Round "?.5"]
[White "Beckemeyer, W."]
[Black "Dueball, J."]
[Result "1-0"]
[WhiteElo "2325"]
[BlackElo "2445"]
[PlyCount "100"]
[EventDate "1984.??.??"]

1. e4 c5 2. Nf3 Nc6 3. d4 cxd4 4. Nxd4 Nf6 5. Nc3 d6 6. Bg5 e6 7. Qd2 a6 8.
O-O-O Bd7 9. f4 Be7 10. Be2 b5 11. Bf3 Rc8 12. Nxc6 Bxc6 13. Bxf6 gxf6 14. f5
b4 15. Ne2 Qa5 16. Kb1 e5 17. Ng3 Qc5 18. Rc1 h5 19. Nxh5 a5 20. g4 a4 21. Rhe1
a3 22. b3 Bb5 23. Be2 Bxe2 24. Rxe2 Qc3 25. Qxc3 Rxc3 26. Rg1 Kd7 27. Rg3 Rhc8
28. Rd2 Rxg3 29. Nxg3 Bf8 30. Rd3 Bh6 31. Ne2 Bg5 32. c3 bxc3 33. Rxc3 Rh8 34.
h3 d5 35. exd5 e4 36. b4 e3 37. Rxa3 Rxh3 38. Rb3 Rh1+ 39. Kc2 Re1 40. Kd3 Rd1+
41. Ke4 Rd2 42. Kf3 Rxa2 43. b5 Kc7 44. Rd3 Kd7 45. Rd1 Rb2 46. Nc3 Rf2+ 47.
Ke4 Rb2 48. Kd3 Kd6 49. Kc4 e2 50. Re1 Bd2 1-0

[Event "BL 8485 Solingen-Bochum"]
[Site "?"]
[Date "1984.??.??"]
[Round "?.6"]
[White "Werner, D."]
[Black "Sonntag, H."]
[Result "1/2-1/2"]
[WhiteElo "2365"]
[BlackElo "2305"]
[PlyCount "104"]
[EventDate "1984.??.??"]

1. d4 Nf6 2. Nf3 d6 3. Nc3 Nbd7 4. e4 e5 5. Bc4 Be7 6. O-O O-O 7. Re1 c6 8. a4
a5 9. h3 h6 10. Ba2 Re8 11. Be3 Bf8 12. d5 Nb6 13. Qd3 Bd7 14. Nd2 c5 15. Bc4
Nxc4 16. Nxc4 Nh5 17. Nb5 Bxb5 18. axb5 b6 19. g3 Rb8 20. Kh2 g6 21. Qd2 Kh7
22. g4 Nf6 23. f3 Qd7 24. Na3 Ng8 25. Rg1 Bg7 26. h4 Ne7 27. Rg3 Rg8 28. g5 h5
29. Qg2 f5 30. gxf6 Bxf6 31. Qh3 Rb7 32. Rag1 Nc8 33. Qg2 Qe8 34. Rh3 Rf7 35.
Bc1 Qe7 36. Qd2 Qf8 37. Nc4 Bg7 38. Qg2 Bh6 39. Bxh6 Qxh6 40. Qg5 Rf4 41. Qxh6+
Kxh6 42. Rgg3 Rgf8 43. Kg2 R8f7 44. Rh1 Kh7 45. Rhh3 Kh6 46. Rg5 Rxh4 47. Rxg6+
Kxg6 48. Rxh4 Kg5 49. Rh1 Rh7 50. Kf2 Kf6 51. Rg1 Kf7 52. Rg5 Rh6 1/2-1/2

[Event "BL 8485 Solingen-Bochum"]
[Site "?"]
[Date "1984.??.??"]
[Round "?.7"]
[White "Ueter, H."]
[Black "Borngaesser, R."]
[Result "1/2-1/2"]
[WhiteElo "2270"]
[BlackElo "2335"]
[PlyCount "98"]
[EventDate "1984.??.??"]

1. e4 e5 2. Nf3 Nf6 3. d3 Nc6 4. Be2 d5 5. Nbd2 Bc5 6. O-O O-O 7. c3 a5 8. b3
h6 9. Bb2 dxe4 10. dxe4 Qe7 11. a3 Rd8 12. b4 Bb6 13. Qc2 Bg4 14. Nc4 Qe6 15.
Nxb6 cxb6 16. b5 Ne7 17. c4 Ng6 18. g3 Rac8 19. Rac1 Rd7 20. Rfd1 Rxd1+ 21.
Bxd1 Ne8 22. Qd3 Nf6 23. Be2 Nd7 24. Qe3 Nc5 25. Rd1 f6 26. Rd2 Ne7 27. Bf1 Rc7
28. Ne1 Rd7 29. f3 Bh5 30. Be2 Kh7 31. Nc2 Rxd2 32. Qxd2 Nc8 33. Ne3 Ne7 34.
Nd5 Nxd5 35. cxd5 Qd7 36. Qc2 Be8 37. Bc1 Bg6 38. Be3 f5 39. Bxc5 bxc5 40. Qxc5
fxe4 41. d6 exf3 42. Bxf3 Qf5 43. Bxb7 Qb1+ 44. Kg2 Qb2+ 45. Kg1 Qb1+ 46. Kg2
Qb2+ 47. Kg1 Qb1+ 48. Kg2 Qb2+ 49. Kg1 Qb1+ 1/2-1/2

[Event "BL 8485 Solingen-Bochum"]
[Site "?"]
[Date "1984.??.??"]
[Round "?.8"]
[White "Besser, H."]
[Black "Ackermann, H."]
[Result "1/2-1/2"]
[WhiteElo "2360"]
[BlackElo "2255"]
[PlyCount "40"]
[EventDate "1984.??.??"]

1. c4 Nf6 2. Nf3 e6 3. Nc3 b6 4. g3 Ba6 5. d3 Be7 6. Bg2 O-O 7. O-O d5 8. Ne5
c6 9. b3 Nfd7 10. Nxd7 Nxd7 11. Bb2 Rc8 12. Rc1 b5 13. cxb5 cxb5 14. a3 Nb6 15.
Na2 Qd7 16. Qd2 Bb7 17. Rxc8 Rxc8 18. Rc1 Rxc1+ 19. Qxc1 Qc6 20. Qxc6 Bxc6
1/2-1/2

[Event "BL 8485 Delmenhorst-HSK"]
[Site "?"]
[Date "1984.??.??"]
[Round "?.2"]
[White "Hermann, Man"]
[Black "Chandler, M."]
[Result "1/2-1/2"]
[WhiteElo "2345"]
[BlackElo "2540"]
[PlyCount "30"]
[EventDate "1984.??.??"]

1. e4 c5 2. c3 d6 3. d4 Nf6 4. Bd3 cxd4 5. cxd4 g6 6. h3 Bg7 7. Nf3 O-O 8. O-O
Nc6 9. Nc3 e5 10. dxe5 dxe5 11. Be3 Be6 12. Bb5 Nh5 13. Bxc6 bxc6 14. Qxd8
Rfxd8 15. Rfd1 Rdb8 1/2-1/2

[Event "BL 8485 Delmenhorst-HSK"]
[Site "?"]
[Date "1984.??.??"]
[Round "?.4"]
[White "Juhnke, K."]
[Black "Behrhorst, F."]
[Result "1/2-1/2"]
[WhiteElo "2325"]
[BlackElo "2285"]
[PlyCount "42"]
[EventDate "1984.??.??"]

1. d4 Nf6 2. c4 c5 3. d5 b5 4. cxb5 a6 5. bxa6 Bxa6 6. Nc3 d6 7. Nf3 g6 8. g3
Bg7 9. Bg2 Nbd7 10. O-O Nb6 11. Re1 O-O 12. h3 Qc7 13. Nd2 Qb7 14. e4 Nfd7 15.
f4 c4 16. Nf3 Nc5 17. Re2 Nd3 18. Rb1 Nxc1 19. Rxc1 Nd7 20. Kh2 Nc5 21. Ne1 Nd3
1/2-1/2

[Event "BL 8485 Delmenhorst-HSK"]
[Site "?"]
[Date "1984.??.??"]
[Round "?.6"]
[White "Tielemann, K."]
[Black "Hess, C."]
[Result "1-0"]
[WhiteElo "2285"]
[BlackElo "2260"]
[PlyCount "101"]
[EventDate "1984.??.??"]

1. c4 Nf6 2. Nf3 c5 3. g3 d5 4. Bg2 Nc6 5. O-O e6 6. b3 Be7 7. Bb2 O-O 8. e3 b6
9. d3 Bb7 10. Qe2 Qc7 11. Nc3 dxc4 12. bxc4 a6 13. Rfd1 Rfd8 14. Rab1 Rac8 15.
Ba1 Ba8 16. Ne1 Na7 17. Bxa8 Rxa8 18. f4 Rab8 19. a4 Qc6 20. Nf3 b5 21. Ne5 Qe8
22. axb5 axb5 23. Qg2 b4 24. Ne2 Nd7 25. Nc1 Nxe5 26. Bxe5 Ra8 27. Nb3 Nc6 28.
Bc7 Rdc8 29. Bb6 Ra3 30. d4 cxd4 31. exd4 Nd8 32. d5 exd5 33. cxd5 Bd6 34. Re1
Qb5 35. Bf2 Nb7 36. Nd4 Qd7 37. Nc6 b3 38. Qe4 Nc5 39. Qc4 Rxc6 40. dxc6 Qxc6
41. Rbd1 Bf8 42. Rd8 Ra8 43. Rxf8+ Rxf8 44. Qxc5 Qxc5 45. Bxc5 Rc8 46. Ba3 h6
47. Re3 Rb8 48. Bb2 Rb5 49. Kf2 g5 50. fxg5 hxg5 51. Re5 1-0

[Event "BL 8485 Delmenhorst-HSK"]
[Site "?"]
[Date "1984.??.??"]
[Round "?.7"]
[White "Wegner, H."]
[Black "Dornieden, M."]
[Result "1/2-1/2"]
[WhiteElo "2245"]
[BlackElo "2290"]
[PlyCount "103"]
[EventDate "1984.??.??"]

1. d4 d6 2. c4 e5 3. Nc3 exd4 4. Qxd4 Nc6 5. Qd2 Nf6 6. b3 Be7 7. g3 O-O 8. Bg2
Re8 9. Nh3 Bf5 10. O-O Qd7 11. Nf4 Bf8 12. Bb2 a5 13. Rac1 h6 14. Rfd1 Ne4 15.
Nxe4 Bxe4 16. f3 Bh7 17. Bh3 Qd8 18. e4 Ne5 19. Qc3 Qf6 20. Bg2 c6 21. Ne2 a4
22. b4 Qe7 23. a3 f5 24. Nd4 fxe4 25. fxe4 Ng4 26. Re1 Qe5 27. h3 Nf6 28. Nf5
Qxc3 29. Bxc3 Nd7 30. Rcd1 Bxf5 31. exf5 Nb6 32. Bf1 d5 33. cxd5 Nxd5 34. Bc4
Rxe1+ 35. Rxe1 Kf7 36. Kf2 Be7 37. Kf3 Rd8 38. Rd1 Kf8 39. Be5 Nb6 40. Rxd8+
Bxd8 41. Ba2 Nd7 42. Bd4 Be7 43. Be6 Bf6 44. Ke4 Bxd4 45. Kxd4 Ke7 46. Bxd7
Kxd7 47. Ke5 Ke7 48. g4 b6 49. h4 Kd7 50. g5 hxg5 51. hxg5 Ke7 52. f6+ 1/2-1/2

[Event "BL 8485 Delmenhorst-HSK"]
[Site "?"]
[Date "1984.??.??"]
[Round "?.8"]
[White "Ditt, E."]
[Black "Cordes, H."]
[Result "1-0"]
[WhiteElo "2300"]
[BlackElo "2275"]
[PlyCount "63"]
[EventDate "1984.??.??"]

1. g3 Nf6 2. Bg2 g6 3. f4 Bg7 4. Nf3 d6 5. O-O O-O 6. d4 Nbd7 7. Nc3 c6 8. e4
e5 9. fxe5 dxe5 10. d5 cxd5 11. exd5 Re8 12. Ng5 Nb6 13. Nge4 Nbxd5 14. Nxf6+
Nxf6 15. Qxd8 Rxd8 16. Bg5 Rd6 17. Nb5 Rb6 18. Nc7 Rb8 19. c4 Bf5 20. b3 Rd6
21. Nb5 Re6 22. Rad1 Bc2 23. Rd6 Ne8 24. Rd7 Bf6 25. Be3 a6 26. Nc3 e4 27. Nd5
Bd3 28. Rf2 Be5 29. Rdxf7 Nd6 30. Bh3 Nf5 31. Bxf5 Kxf7 32. Bg4+ 1-0

[Event "BL 8485 Koblenz-Zähringen"]
[Site "?"]
[Date "1984.??.??"]
[Round "?.2"]
[White "Schulz, KJ."]
[Black "Herbrechtsmeier, C."]
[Result "0-1"]
[WhiteElo "2355"]
[BlackElo "2325"]
[PlyCount "60"]
[EventDate "1984.??.??"]

1. e4 e5 2. Nf3 Nc6 3. d4 exd4 4. Nxd4 Bc5 5. Nf5 d6 6. Ne3 Qf6 7. Nc3 Be6 8.
Be2 Nge7 9. O-O O-O 10. Kh1 Qd4 11. Bd2 a6 12. Qe1 f5 13. Ncd5 Bxd5 14. exd5
Ne5 15. f4 Nd7 16. b4 Ba7 17. c4 Ng6 18. Nc2 Qe4 19. Qd1 Rae8 20. Bf3 Qxc4 21.
g3 Nf6 22. Rc1 Qd3 23. Bg2 Ng4 24. Be1 Qxd1 25. Rxd1 Re2 26. Rc1 Rfe8 27. a4
Be3 28. Nxe3 Nxe3 29. Rf3 Nxg2 30. Bf2 Ne1 0-1

[Event "BL 8485 Koblenz-Zähringen"]
[Site "?"]
[Date "1984.??.??"]
[Round "?.4"]
[White "Weidemann, J."]
[Black "Vatter, H."]
[Result "1/2-1/2"]
[WhiteElo "2290"]
[BlackElo "2250"]
[PlyCount "85"]
[EventDate "1984.??.??"]

1. e4 c5 2. Nf3 Nc6 3. Bb5 g6 4. O-O Bg7 5. Re1 Nf6 6. e5 Nd5 7. Nc3 Nc7 8.
Bxc6 dxc6 9. Ne4 c4 10. Qe2 Be6 11. Nc5 Qd5 12. Nxe6 Nxe6 13. b3 cxb3 14. axb3
O-O 15. Ra4 a5 16. Rh4 b5 17. Rd1 Rfd8 18. Ba3 Qd7 19. Qe3 b4 20. Bb2 c5 21.
Ng5 Nxg5 22. Qxg5 Qf5 23. Qxf5 gxf5 24. Rc4 Rd5 25. f4 a4 26. bxa4 Rxa4 27. d3
e6 28. Bc1 Ra1 29. Kf1 f6 30. exf6 Bxf6 31. Ke2 Bd4 32. Bd2 Ra2 33. Rb1 Kf7 34.
Kf3 Bc3 35. Ke3 Rxc2 36. Bxc3 bxc3 37. Rb7+ Kg6 38. g3 Rxh2 39. Rxc3 Rg2 40.
Kf3 Rd2 41. Ke3 Rg2 42. Kf3 Rd2 43. Ke3 1/2-1/2

[Event "BL 8485 Koblenz-Zähringen"]
[Site "?"]
[Date "1984.??.??"]
[Round "?.5"]
[White "Miltner, A."]
[Black "Schlick, V."]
[Result "1-0"]
[WhiteElo "2280"]
[BlackElo "2320"]
[PlyCount "65"]
[EventDate "1984.??.??"]

1. d4 Nf6 2. Nf3 g6 3. Bf4 Bg7 4. e3 d6 5. h3 Nbd7 6. Be2 O-O 7. O-O Qe8 8. c4
e5 9. Bh2 Ne4 10. Nbd2 f5 11. Rc1 Kh8 12. Qc2 Nxd2 13. Qxd2 e4 14. Ne1 g5 15.
b4 Qg6 16. a4 f4 17. f3 Nf6 18. fxe4 Nxe4 19. Qc2 Bf5 20. Bd3 Rae8 21. Nf3 fxe3
22. g4 Bd7 23. Rce1 Rxf3 24. Rxf3 Bxd4 25. Kg2 b6 26. b5 Bc8 27. Bg1 Bb7 28.
Bxe3 Qg7 29. Kf1 Bc3 30. Re2 Nc5 31. Bd4 Re5 32. Qxc3 Nxd3 33. Rxd3 1-0

[Event "BL 8485 Koblenz-Zähringen"]
[Site "?"]
[Date "1984.??.??"]
[Round "?.6"]
[White "Brueckner, T."]
[Black "Bassler, M."]
[Result "0-1"]
[WhiteElo "2265"]
[BlackElo "2290"]
[PlyCount "108"]
[EventDate "1984.??.??"]

1. e4 c5 2. Nc3 Nc6 3. Nf3 g6 4. d4 cxd4 5. Nxd4 Bg7 6. Nb3 Nf6 7. Be2 O-O 8.
O-O d6 9. Kh1 Be6 10. f4 Qc8 11. Be3 Rd8 12. Bg1 d5 13. e5 Ne4 14. Bd3 f6 15.
Qe1 Nxc3 16. exf6 exf6 17. bxc3 f5 18. Bd4 Nxd4 19. cxd4 Bf7 20. Qh4 Rd6 21.
Rae1 Bf6 22. Qf2 Qc3 23. Re3 Re8 24. Rg3 Bh4 25. Rxg6+ hxg6 26. Qxh4 Rde6 27.
Kg1 Re1 28. Qf2 b6 29. g3 Rxf1+ 30. Kxf1 Qb2 31. Nd2 Qa1+ 32. Kg2 Qe1 33. Nf3
Qxf2+ 34. Kxf2 Rc8 35. Ne5 Rc3 36. h3 Ra3 37. g4 fxg4 38. hxg4 Kg7 39. Kg3 Rxa2
40. Kh4 Ra4 41. Nxf7 Kxf7 42. Kg5 Rxd4 43. Bxg6+ Kg7 44. f5 Rd2 45. f6+ Kf8 46.
Bf5 a5 47. Bd7 Rxc2 48. Kf5 Rf2+ 49. Ke5 d4 50. g5 Rg2 51. Kf5 d3 52. g6 d2 53.
g7+ Rxg7 54. fxg7+ Kxg7 0-1

[Event "BL 8485 Frechen-Porz"]
[Site "?"]
[Date "1984.??.??"]
[Round "?.2"]
[White "Behling, R."]
[Black "Goehring, K."]
[Result "1/2-1/2"]
[WhiteElo "2300"]
[BlackElo "2355"]
[PlyCount "103"]
[EventDate "1984.??.??"]

1. c4 e5 2. Nc3 Nf6 3. Nf3 Nc6 4. e3 d6 5. d4 Be7 6. d5 Nb8 7. e4 Nbd7 8. Be3
a5 9. a3 O-O 10. Bd3 Ng4 11. Bd2 Nc5 12. Bc2 c6 13. h3 Nf6 14. Be3 Qc7 15. O-O
cxd5 16. cxd5 Bd7 17. Rc1 Rfc8 18. b4 axb4 19. axb4 Na6 20. Na2 Qd8 21. Bd3
Rxc1 22. Qxc1 Qe8 23. Qb1 Rc8 24. Rc1 Rxc1+ 25. Qxc1 h6 26. Qc4 b5 27. Qc3 Qb8
28. Nd2 Bd8 29. Qa3 Qb7 30. Nc3 Bb6 31. Bxb6 Qxb6 32. Nb3 Ne8 33. Na2 Nec7 34.
Qa5 Qxa5 35. Nxa5 Kf8 36. Kf1 f5 37. f3 Ke7 38. Ke2 Kf6 39. Nb7 Ke7 40. Na5 f4
41. Kd2 Kf6 42. Nb7 Ne8 43. Ke2 Ke7 44. Kd2 Kf6 45. Ke2 g5 46. Kf2 Ke7 47. Ke2
h5 48. Kf2 Nec7 49. Be2 Bc8 50. Na5 Bd7 51. Nb7 Bc8 52. Na5 1/2-1/2

[Event "BL 8485 Frechen-Porz"]
[Site "?"]
[Date "1984.??.??"]
[Round "?.7"]
[White "Schmidt, B."]
[Black "Meyer, P."]
[Result "1/2-1/2"]
[WhiteElo "2340"]
[BlackElo "2230"]
[PlyCount "48"]
[EventDate "1984.??.??"]

1. Nf3 Nf6 2. d4 g6 3. c4 Bg7 4. Nc3 O-O 5. e4 d6 6. Be2 e5 7. O-O Nbd7 8. Re1
c6 9. Bf1 a5 10. dxe5 dxe5 11. h3 Qe7 12. Na4 Re8 13. Qc2 Rb8 14. c5 Nf8 15.
Be3 N6d7 16. Bc4 Ne6 17. Qc3 Ra8 18. Rac1 Nf4 19. Qb3 Qf6 20. Bd2 Bf8 21. Bxf4
Qxf4 22. Ng5 Re7 23. h4 h6 24. g3 Qf6 1/2-1/2

[Event "BL 8485 Lasker-Kreuzberg"]
[Site "?"]
[Date "1984.??.??"]
[Round "?.1"]
[White "Berg, K."]
[Black "Wockenfuss, K."]
[Result "1/2-1/2"]
[WhiteElo "2375"]
[BlackElo "2335"]
[PlyCount "30"]
[EventDate "1984.??.??"]

1. e4 Nc6 2. Nc3 e5 3. Bc4 Nf6 4. d3 Bb4 5. Nf3 d5 6. exd5 Nxd5 7. O-O Bxc3 8.
bxc3 O-O 9. Bb2 a6 10. Re1 Re8 11. Bb3 Bg4 12. h3 Bh5 13. Qe2 Nf4 14. Qe3 Qf6
15. Kh2 Qd6 1/2-1/2

[Event "BL 8485 Lasker-Kreuzberg"]
[Site "?"]
[Date "1984.??.??"]
[Round "?.2"]
[White "Paulsen, D."]
[Black "Grzesik, T."]
[Result "1/2-1/2"]
[WhiteElo "2360"]
[BlackElo "2340"]
[PlyCount "37"]
[EventDate "1984.??.??"]

1. e4 e5 2. Bc4 Nf6 3. d3 Nc6 4. Nf3 h6 5. c3 d6 6. O-O g6 7. b4 a6 8. Nbd2 Bg7
9. Qb3 O-O 10. a4 Nh5 11. Bb2 Qe7 12. Rfe1 Nf4 13. d4 Bg4 14. h3 Bd7 15. Kh2 g5
16. Bf1 h5 17. g3 Ng6 18. dxe5 Ncxe5 19. Nxe5 1/2-1/2

[Event "BL 8485 Lasker-Kreuzberg"]
[Site "?"]
[Date "1984.??.??"]
[Round "?.5"]
[White "Konieczka, F."]
[Black "Zbikowski, W."]
[Result "1-0"]
[WhiteElo "2240"]
[BlackElo "2280"]
[PlyCount "75"]
[EventDate "1984.??.??"]

1. Nf3 g6 2. g3 Bg7 3. Bg2 Nf6 4. O-O O-O 5. d4 d6 6. b3 Nbd7 7. Bb2 c5 8. Nbd2
Qc7 9. c4 b6 10. Nh4 Bb7 11. d5 e6 12. e4 exd5 13. exd5 a6 14. Qc2 b5 15. Rae1
Rae8 16. f4 Bc8 17. h3 Qd8 18. Nhf3 Nb6 19. g4 Rxe1 20. Rxe1 Re8 21. Ne4 Nxe4
22. Bxg7 Kxg7 23. Rxe4 Rxe4 24. Qxe4 f5 25. Qe2 fxg4 26. Ng5 gxh3 27. Bxh3 Bxh3
28. Nxh3 bxc4 29. Ng5 Qf6 30. bxc4 h6 31. Ne6+ Kf7 32. Qc2 Qa1+ 33. Kg2 Qe1 34.
Qb2 Qe4+ 35. Kh2 Nxd5 36. cxd5 Qxd5 37. Qg7+ Kxe6 38. Qg8+ 1-0

[Event "BL 8485 Lasker-Kreuzberg"]
[Site "?"]
[Date "1984.??.??"]
[Round "?.7"]
[White "Federau, J."]
[Black "Bilek Gonstalla, M."]
[Result "1/2-1/2"]
[WhiteElo "2210"]
[BlackElo "2335"]
[PlyCount "20"]
[EventDate "1984.??.??"]

1. d4 c5 2. d5 e5 3. e4 d6 4. Nf3 Be7 5. Bb5+ Kf8 6. Bd3 Bg4 7. O-O Bxf3 8.
Qxf3 Bg5 9. Nc3 Bxc1 10. Raxc1 a6 1/2-1/2

[Event "BL 8485 Bayern-München 36"]
[Site "?"]
[Date "1984.??.??"]
[Round "?.1"]
[White "Unzicker, W."]
[Black "Pfleger, He"]
[Result "1/2-1/2"]
[WhiteElo "2470"]
[BlackElo "2490"]
[PlyCount "35"]
[EventDate "1984.??.??"]

1. d4 Nf6 2. c4 e6 3. Nf3 d5 4. Nc3 Be7 5. Bg5 O-O 6. e3 c6 7. Bd3 dxc4 8. Bxc4
Nd5 9. Bxe7 Qxe7 10. Qc2 Nd7 11. O-O N5f6 12. Ne4 e5 13. Nxf6+ Qxf6 14. Rad1
exd4 15. Rxd4 Ne5 16. Nxe5 Qxe5 17. Rfd1 Bf5 18. Qd2 1/2-1/2